000
00444nam a2200145Ia 4500
008
100204s9999 xx 000 0 und d
082
_b
24894
100
_a
वाड विजया
245
_a
जीवन हिंदोळा
260
_b
"दिलीप प्रकाशन , पुणे"
300
_a
126
630
_a
जीवन हिंदोळा
730
_a
जीवन हिंदोळा
942
_c
BOOK
999
_c
470072
_d
470069